Statistics for Ballon d'Or 2023 Nominated Players by Picture

Click here to take the quiz!

General Stats

  • This quiz has been taken 25 times
    (19 since last reset)
  • The average score is 26 of 30

Answer Stats

Answer% Correct
Kylian Mbappé
100%
Lionel Messi
100%
Erling Haaland
95%
Jude Bellingham
95%
Karim Benzema
95%
Kevin De Bruyne
95%
André Onana
89%
Antoine Griezmann
89%
Bernardo Silva
89%
Bukayo Saka
89%
Harry Kane
89%
Ilkay Gündogan
89%
Julián Álvarez
89%
Lautaro Martinez
89%
Luka Modric
89%
Martin Ødegaard
89%
Mohamed Salah
89%
Robert Lewandowski
89%
Emiliano Martinez
84%
Jamal Musiala
84%
Rodri
84%
Ruben Dias
84%
Vinicius Jr.
84%
Kim Min-Jae
79%
Josko Gvardiol
74%
Yassine Bounou
74%
Nicolo Barella
68%
Victor Osimhen
68%
Khvicha Kvaratskhelia
63%
Randal Kolo Muani
53%

Score Distribution

Percentile by Number Answered

Percent of People with Each Score

Your Score History

You have not taken this quiz since the last reset